000 00349nam a2200133Ia 4500
008 240624s9999 xx 000 0 und d
041 _aeng
082 _a020 BAB
100 _aBABU B RAMESH
245 _aKNOWLEDGE MANAGEMENT TODAY AND TOMORROW
260 _c2003
_aNew Delhi
_bEss Ess Publications
300 _a412 : p. : cm. ; 21
365 _cRS
_b20
999 _c8394
_d8394